000 00629nam a2200229 i 4500
001 bg
100 1 _aSYLWESTRZAK, Hubert.
_d(1933-2009).
245 1 0 _aSkalenie :
_bminerały najpospolitsze /
_c[Hubert Sylwestrzak].
260 _aWarszawa :
_bPańst. Instytut Geologiczny,
_ccop. 1996.
300 _a19 s. :
_brys. ;
_c19 cm.
490 1 _aMinerały ;
_vz. 1
500 _aOpis wg okładki.
650 9 _aMinerały
830 1 _aMinerały ;
_vz. 1
020 _a838698600X
040 _cBPK
041 0 _apl
080 _a553:549
920 _a83-86986-00-X
942 _cKS
008 s pl f |000 0 pol
999 _c33940
_d33940
856 _uhttp://koha.tu.koszalin.pl/cgi-bin/koha/opac-detail.pl?biblionumber=33940
_yKatalog online BPK